UM Logo

The theater experience / (Record no. 8095)

MARC details
000 -LEADER
fixed length control field 00537nam a2200169 4500
008 - FIXED-LENGTH DATA ELEMENTS--GENERAL INFORMATION
fixed length control field 171212b xxu||||| |||| 00| 0 eng d
020 ## - INTERNATIONAL STANDARD BOOK NUMBER
International Standard Book Number 0070706859
082 ## - DEWEY DECIMAL CLASSIFICATION NUMBER
Edition number 1994
Classification number DC 792
Item number W69w
100 ## - MAIN ENTRY--PERSONAL NAME
9 (RLIN) 25039
Personal name Wilson, Edwin, author.
245 ## - TITLE STATEMENT
Title The theater experience /
Statement of responsibility, etc. Edwin Wilson.
250 ## - EDITION STATEMENT
Edition statement sixth edition.
260 ## - PUBLICATION, DISTRIBUTION, ETC. (IMPRINT)
Place of publication, distribution, etc. New York :
Name of publisher, distributor, etc. McGraw-Hill,
Date of publication, distribution, etc. ©1994.
300 ## - PHYSICAL DESCRIPTION
Extent xviii, 475 pages :
Other physical details illustrations ;
Dimensions 23 cm.
500 ## - GENERAL NOTE
General note Includes bibliographical references and index.
650 #0 - SUBJECT ADDED ENTRY--TOPICAL TERM
9 (RLIN) 25040
Topical term or geographic name as entry element Theater.
942 ## - ADDED ENTRY ELEMENTS (KOHA)
Source of classification or shelving scheme Dewey Decimal Classification
Koha item type Circulation
Holdings
Withdrawn status Lost status Source of classification or shelving scheme Damaged status Not for loan Collection code Home library Current library Date acquired Source of acquisition Total Checkouts Full call number Barcode Date last seen Price effective from Koha item type
    Dewey Decimal Classification     Circulation UM Digos College - LIC UM Digos College - LIC 08/24/2007 Photocopied   DC 792 W69w 1994 11668 05/15/2025 12/12/2017 Circulation